Sociology: a text with adapted readings
Uloženo v:
| Hlavní autoři: | , |
|---|---|
| Médium: | Kniha |
| Jazyk: | angličtina |
| Vydáno: |
Nueva York
Row, Peterson
1955
|
| Témata: | |
| Tagy: |
Přidat tag
Žádné tagy, Buďte první, kdo vytvoří štítek k tomuto záznamu!
|
MARC
| LEADER | 00000nam a2200000 a 4500 | ||
|---|---|---|---|
| 001 | UCR0419 | ||
| 003 | CL-VaPUC | ||
| 008 | 971205e19550000US |||||||||||||||||eng|d | ||
| 082 | 0 | 4 | |a 301 |b BRO |2 21 |
| 100 | 0 | |a Broom, Leonard |e author |9 396032 | |
| 700 | 0 | |a Selznick, Philip |e author |9 396033 | |
| 245 | 1 | 0 | |a Sociology: a text with adapted readings |
| 300 | |a 660 p | ||
| 942 | |c BK | ||
| 945 | |d 19971205 00:00:00 |a jquezada | ||
| 260 | |a Nueva York |b Row, Peterson |c 1955 | ||
| 650 | 0 | |a Sociología |9 255410 | |
| 650 | 0 | |a Organización social |9 357570 | |
| 650 | 0 | |a Cultura |9 269059 | |
| 650 | 0 | |a Socialización |9 309940 | |
| 650 | 0 | |a Estratificación social |9 337692 | |
| 650 | 0 | |a Población |9 257577 | |
| 650 | 0 | |a Ecología |9 258124 | |
| 650 | 0 | |a Familias |9 255641 | |
| 650 | 7 | |a SOCIOLOGIA INDUSTRIAL |2 CL-VaPUC |9 307184 | |
| 650 | 0 | |a Sociología política |9 255920 | |
| 583 | |a last modification |c 19971205 00:00:00 |k Rodrigo Vera | ||
| 999 | |c 263939 |d 263937 | ||
| 952 | |0 0 |1 0 |4 0 |6 301_000000000000000_BRO_1955 |7 0 |8 P |9 293473 |a BIBGIM |b BIBGIM |d 2019-11-19 |i 3371778 |o 301 BRO 1955 |p 3371778 |r 2025-01-15 |w 2019-11-19 |y BK |k GIM | ||